00572nam a2200157 a 450000500170000000800410001702000180005805000270007610000200010324500660012326000650018930000100025450000510026452000690031565000300038420140412111311.0010330s19uu xx 00 eng d a0-590-93088-5 aTR(GS 808.82bP83 1997 aPugliano, Carol aEasy-to-read: folk and fairy tale plays /cby Carol Pugliano. aJeffersonC City. MO :bScholastic Professional Books,c1997. a56 p. aIncludes cross-curriculum extension activities aBuild literacy with reproducible plays based on classic stories. aPlaysxStudy and teaching